00437 2200157 4500245009000000020001800090250001100108100002900119650001700148005001900165260003800184041001400222084001100236300002300247336000900270 aAyat - ayat Cinta 2 b : Sebuah Novel Pembangun JiwacHabiburrahman El ShirazyhText a9786020822150 aCet. 1 aHabiburrahman El Shirazy aNovel Remaja a20240125080748 aJakartabRepublika Penerbitc2015 aIndonesia a808.83 a549 hlm. :c20 cm. atext